The God delusion / (Record no. 329231)
[ view plain ]
| 000 -LEADER | |
|---|---|
| fixed length control field | 03033cam a22002774a 4500 |
| 001 - CONTROL NUMBER | |
| control field | 15141014 |
| 003 - CONTROL NUMBER IDENTIFIER | |
| control field | Nust |
| 005 - DATE AND TIME OF LATEST TRANSACTION | |
| control field | 20170427144052.0 |
| 008 - FIXED-LENGTH DATA ELEMENTS--GENERAL INFORMATION | |
| fixed length control field | 080114r20082006mau b 001 0 eng |
| 010 ## - LIBRARY OF CONGRESS CONTROL NUMBER | |
| LC control number | 2008270822 |
| 020 ## - INTERNATIONAL STANDARD BOOK NUMBER | |
| International Standard Book Number | 9780618918249 (pbk.) |
| 020 ## - INTERNATIONAL STANDARD BOOK NUMBER | |
| International Standard Book Number | 0618918248 (pbk.) |
| 040 ## - CATALOGING SOURCE | |
| Original cataloging agency | DLC |
| Transcribing agency | DLC |
| Modifying agency | DLC |
| 050 00 - LIBRARY OF CONGRESS CALL NUMBER | |
| Classification number | BL2775.3 |
| Item number | .D39 2008 |
| 082 ## - DEWEY DECIMAL CLASSIFICATION NUMBER | |
| Classification number | 211.8 |
| Author Mark | DAW |
| 100 1# - MAIN ENTRY--PERSONAL NAME | |
| Personal name | Dawkins, Richard, |
| Dates associated with a name | 1941- |
| 245 14 - TITLE STATEMENT | |
| Title | The God delusion / |
| Statement of responsibility, etc. | Richard Dawkins. |
| 250 ## - EDITION STATEMENT | |
| Edition statement | 1st Mariner Books ed. |
| 260 ## - PUBLICATION, DISTRIBUTION, ETC. | |
| Place of publication, distribution, etc. | Boston : |
| Name of publisher, distributor, etc. | Houghton Mifflin Co., |
| Date of publication, distribution, etc. | 2008. |
| 300 ## - PHYSICAL DESCRIPTION | |
| Extent | 463 p. ; |
| Dimensions | 21 cm. |
| 504 ## - BIBLIOGRAPHY, ETC. NOTE | |
| Bibliography, etc. note | Includes bibliographical references (p. [427]-448) and index. |
| 505 0# - FORMATTED CONTENTS NOTE | |
| Formatted contents note | A deeply religious nonbeliever. Deserved respect ; Undeserved respect -- The God hypothesis. Polytheism ; Monotheism ; Secularism, the Founding Fathers and the religion of America ; The poverty of agnosticism ; NOMA ; The great prayer experiment ; The Neville Chamberlain school of evolutionists ; Little green men -- Arguments for God's existence. Thomas Aquinas's "proofs" ; The ontological argument and other a priori arguments ; The argument from beauty ; The argument from personal "experience" ; The argument from Scripture ; The argument from admired religious scientists ; Pascal's wager ; Bayesian arguments -- Why there almost certainly is no God. The ultimate Boeing 747 ; Natural selection as a consciousness-raiser ; Irreducible complexity ; The worship of gaps ; The anthropic principle : planetary version ; The anthropic principle : cosmological version ; An interlude at Cambridge -- The roots of religion. The Darwinian imperative ; Direct advantages of religion ; Group selection ; Religion as a by-product of something else ; Psychologically primed for religion ; Tread softly, because you tread on my memes ; Cargo cults -- The roots of morality : why are we good? Does our moral sense have a Darwinian origin? ; A case study in the roots of morality ; If there is no God, why be good? -- The "good" book and the changing moral Zeitgeist. The Old Testament ; Is the New Testament any better? ; Love thy neighbour ; The moral Zeitgeist ; What about Hitler and Stalin? : weren't they atheists? -- What's wrong with religion? : why be so hostile? Fundamentalism and the subversion of science ; The dark side of absolutism ; Faith and homosexuality ; Faith and the sanctity of human life ; The great Beethoven fallacy ; How "moderation" in faith fosters fanaticism -- Childhood, abuse and the escape from religion. Physical and mental abuse ; In defence of children ; An educational scandal ; Consciousness-raising again ; Religious education as a part of literary culture -- A much needed gap? Binker ; Consolation ; Inspiration ; The mother of all burkas. |
| 650 #0 - SUBJECT ADDED ENTRY--TOPICAL TERM | |
| Topical term or geographic name entry element | Atheism. |
| 650 #0 - SUBJECT ADDED ENTRY--TOPICAL TERM | |
| Topical term or geographic name entry element | Religion |
| Form subdivision | Controversial literature. |
| 906 ## - LOCAL DATA ELEMENT F, LDF (RLIN) | |
| a | 7 |
| b | cbc |
| c | origcop |
| d | 1 |
| e | ncip |
| f | 20 |
| g | y-gencatlg |
| 942 ## - ADDED ENTRY ELEMENTS (KOHA) | |
| Source of classification or shelving scheme | |
| Koha item type | Book |
| Withdrawn status | Lost status | Source of classification or shelving scheme | Damaged status | Not for loan | Permanent Location | Current Location | Date acquired | Total Checkouts | Full call number | Barcode | Date last seen | Date last checked out | Price effective from | Koha item type |
|---|---|---|---|---|---|---|---|---|---|---|---|---|---|---|
| School of Civil and Environmental Engineering (SCEE) | School of Civil and Environmental Engineering (SCEE) | 04/27/2017 | 1 | 211.8 DAW | NIT-9116 | 02/07/2025 | 10/14/2022 | 04/27/2017 | Book |
